Удомля (Запись № 10427750)

Подробности
000 -МАРКЕР
контрольное поле 01437nam0a2200325 i 4500
001 - ИДЕНТИФИКАТОР ЗАПИСИ
контрольное поле RU\NLR\BIBL_A\010862490
005 - ИДЕНТИФИКАТОР ВЕРСИИ
контрольное поле 20260607083320.0
010 ## - МЕЖДУНАРОДНЫЙ СТАНДАРТНЫЙ НОМЕР КНИГИ (ISBN)
Номер (ISBN) 9785934881734
021 ## - НОМЕР ГОСУДАРСТВЕННОЙ РЕГИСТРАЦИИ
Код страны Российская Федерация
Номер 2015-71431
Номер Листа государственной регистраци 4279
035 ## - ДРУГИЕ СИСТЕМНЫЕ НОМЕРА
Идентификатор записи (NILC)RuMoRGB-008020898
035 ## - ДРУГИЕ СИСТЕМНЫЕ НОМЕРА
Идентификатор записи (NLR Aleph) 010862490
100 ## - ДАННЫЕ ОБЩЕЙ ОБРАБОТКИ
Данные общей обработки 20151015d2015 km y0rusy50 ca
101 0# - ЯЗЫК РЕСУРСА
Язык текста, звукозаписи и т.д. русский
102 ## - СТРАНА ПУБЛИКАЦИИ ИЛИ ПРОИЗВОДСТВА
Страна публикации Российская Федерация
105 ## - ПОЛЕ КОДИРОВАННЫХ ДАННЫХ: ТЕКСТОВЫЕ МАТЕРИАЛЫ, МОНОГРАФИЧЕСКИЕ
Кодированные данные о монографическом текстовом документе acb|z|||000yy
200 1# - ЗАГЛАВИЕ И СВЕДЕНИЯ ОБ ОТВЕТСТВЕННОСТИ
Основное заглавие Удомля
Сведения, относящиеся к заглавию [очерк]
Первые сведения об ответственности Виноградов Б.К., Иванова Н.И.
Последующие сведения об ответственности Культур.- ист. фонд "Удомля"
210 ## - ПУБЛИКАЦИЯ, РАСПРОСТРАНЕНИЕ И ДР.
Место издания, распространения и т.д. Вышний Волочёк
Имя издателя, распространителя и т. д. Ирида-прос
Дата издания, распространения и т.д. 2015
215 ## - ФИЗИЧЕСКАЯ ХАРАКТЕРИСТИКА
Специфическое обозначение материала и объем 159 с.
Другие сведения о физической характеристике ил., портр., карт., цв. ил.
Размеры 26
300 ## - ОБЩИЕ ПРИМЕЧАНИЯ
Текст примечания На обл. авт. не указаны
607 ## - ГЕОГРАФИЧЕСКОЕ НАИМЕНОВАНИЕ КАК ПРЕДМЕТ
Географическое наименование Удомля, город ( Тверская область)
Тематический подзаголовок Народное хозяйство
Системный номер авторитетной/нормативной записи 2261608
Идентификатор авторитетной/нормативной записи RU\NLR\AUTH\6601585789
675 ## - УНИВЕРСАЛЬНАЯ ДЕСЯТИЧНАЯ КЛАССИФИКАЦИЯ (UDC/УДК)
Индекс 94(47)
686 1# - ИНДЕКСЫ ДРУГИХ КЛАССИФИКАЦИЙ
Индекс У03(2Р-4Тв-2У)74
700 #1 - ИМЯ ЛИЦА - ПЕРВИЧНАЯ ОТВЕТСТВЕННОСТЬ
Графика поля Кириллица
Материалы, к которым относится поле rus
Начальный элемент ввода Виноградов
Часть имени, кроме начального элемента ввода Б. К.
Дополнения к именам, кроме дат канд. геол.-минерал. наук
Даты 1941-2021
Расширение инициалов личного имени Борис Константинович
Идентификатор авторитетной/нормативной записи RU\NLR\AUTH\770150487
Системный номер авторитетной/нормативной записи 150450
701 #1 - ИМЯ ЛИЦА - АЛЬТЕРНАТИВНАЯ ОТВЕТСТВЕННОСТЬ
Начальный элемент ввода Иванова
Часть имени, кроме начального элемента ввода Н. И.
Дополнения к именам, кроме дат тележурналист
Расширение инициалов личного имени Наталья Ивановна
Системный номер авторитетной/нормативной записи 150721
Идентификатор авторитетной/нормативной записи RU\NLR\AUTH\770150758
801 #0 - ИСТОЧНИК ЗАПИСИ
Страна Российская Федерация
Организация РГБ
Дата составления 20150914
Правила каталогизации RCR
942 ## - ДОПОЛНИТЕЛЬНЫЕ ЭЛЕМЕНТЫ ЗАПИСИ (АБИС)
Тип экземпляра АБИС Книга
980 ## - КОЛЛЕКЦИЯ
Название коллекции НБР

Нет доступных экземпляров.